[Event "San Roque"]
[Site "San Roque"]
[Date "1996.??.??"]
[Round "8"]
[White "Rodriguez Talavera, Juan Carlos"]
[Black "Gulko, Boris F"]
[Result "0-1"]
[WhiteElo "2425"]
[BlackElo "2615"]

1.e4 g6 2.d4 Bg7 3.Nc3 d6 4.Nge2 Nf6 5.g3 O-O 6.Bg2 Nbd7 7.O-O c5 8.h3 Rb8
9.a4 a6 10.dxc5 Nxc5 11.Be3 b6 12.g4 Bb7 13.Ng3 Qc8 14.Qd2 b5 15.axb5 axb5
16.Bh6 Bxh6 17.Qxh6 b4 18.Nd5 Bxd5 19.exd5 b3 20.c3 Ra8 21.Rxa8 Qxa8 22.g5 Ne8
23.f4 Qa2 24.f5 Qxb2 25.f6 Qxc3 26.Kh2 exf6 27.Nh5 Qe5+ 28.Kh1 fxg5  0-1

[Event "San Roque"]
[Site "San Roque"]
[Date "1996.??.??"]
[Round "9"]
[White "Garcia Luque, Agustin"]
[Black "Azmaiparashvili, Zurab"]
[Result "0-1"]
[WhiteElo "2365"]
[BlackElo "2660"]

1.e4 d6 2.d4 g6 3.Nc3 Bg7 4.Nge2 Nc6 5.Be3 Nf6 6.f3 e5 7.Qd2 d5 8.exd5 Nxd5
9.Nxd5 Qxd5 10.Nc3 Qd7 11.d5 Nd4 12.O-O-O O-O 13.f4 Nf5 14.fxe5 Bxe5 15.Bf4 Bxf4
16.Qxf4 Nd6 17.Bd3 Qg4 18.Rdf1 Qxf4+ 19.Rxf4 Bd7 20.Ne4 Nxe4 21.Rxe4 Rad8
22.Re7 Rfe8 23.Rhe1 Rxe7 24.Rxe7 Kf8 25.Re3 f5 26.g3 Kf7 27.Be2 Kf6 28.Rc3 c6
29.Rb3 Rb8 30.dxc6 Bxc6 31.Ra3 a6 32.Rc3 Re8 33.Kd2 Re6 34.b4 g5 35.Bf3 Bxf3
36.Rxf3 g4 37.Rc3 Kg5 38.Rc7 Rh6 39.Rg7+ Kf6 40.Rxb7 Rxh2+ 41.Ke3 Rg2 42.c4 Rxg3+
43.Kd4 Rg1 44.Rxh7 g3 45.Rh6+ Kg5 46.Rh8 Kf4 47.Kc5 Ra1 48.b5 axb5 49.cxb5 g2
50.Rg8 g1=Q+ 51.Rxg1 Rxg1 52.b6 Ke5 53.b7 Rb1  0-1

[Event "Santa Clara"]
[Site "Santa Clara"]
[Date "1996.??.??"]
[Round "3"]
[White "Garcia, Gildardo"]
[Black "Schussler, Harry"]
[Result "1/2-1/2"]
[WhiteElo "2525"]
[BlackElo "2465"]

1.e4 g6 2.d4 Bg7 3.Nc3 d6 4.Nf3 Nf6 5.Be2 O-O 6.O-O Bg4 7.Be3 Nc6 8.Nd2 Bxe2
9.Nxe2 d5 10.e5 Ng4 11.Bf4 f6 12.exf6 exf6 13.h3 Nh6 14.Nb3 b6 15.Qd3 Qd7
16.Rfe1 Nf7 17.c4 Rfe8 18.Bd2 f5 19.Rac1 a5 20.cxd5 Ne7 21.Nf4 a4 22.Na1 Nxd5
23.Nc2 Nxf4 24.Bxf4 c5 25.Rxe8+ Rxe8 26.Qa6 cxd4 27.Qxb6 d3 28.Rd1 g5 29.Bc1 f4
30.Nb4 Ne5 31.Bd2 f3 32.Bc3 fxg2 33.Qe3 Qb7 34.Rxd3 Qb5 35.Rd1 g4 36.Kxg2 Nf3
37.Qd3 Qxd3 38.Rxd3 Ne1+ 39.Bxe1 Rxe1 40.Rd8+ Kf7 41.hxg4 Re4 42.Rd7+ Kf8
43.Nd3 Rxg4+ 44.Kf3 Rc4 45.Rb7 a3 46.bxa3 Rc2 47.Nf4 Kg8 48.Ne6 Bf6 49.a4 Rxa2
50.Ra7 Bh4 51.Kg4 Bxf2 52.Rg7+ Kh8 53.Rf7 h6 54.Kh5 Be3 55.Rf3 Rh2+ 56.Kg6 Rg2+
57.Kf7 Rf2 58.Rxf2 Bxf2 59.Kg6 Kg8 60.a5 h5  1/2-1/2

[Event "DLM U20"]
[Site "Schoeneck"]
[Date "1996.??.??"]
[Round "1"]
[White "Balcerak, Jakob"]
[Black "Schmidt, Jan Peter"]
[Result "0-1"]
[WhiteElo "2200"]
[BlackElo "2205"]

1.e4 g6 2.d4 Bg7 3.Nc3 d6 4.f4 c6 5.Nf3 Bg4 6.Be3 Qb6 7.Qd2 Bxf3 8.gxf3 Nd7
9.O-O-O Qa5 10.e5 Nh6 11.d5 O-O 12.Bd3 cxd5 13.f5 d4 14.Bxd4 Nxe5 15.Be4 Nxf5
16.Bxf5 Nxf3  0-1

[Event "Schoeneck-B"]
[Site "Schoeneck"]
[Date "1996.??.??"]
[Round "8"]
[White "Galdunts, Sergey"]
[Black "Haub, Thorsten Michael"]
[Result "1-0"]
[WhiteElo "2465"]
[BlackElo "2310"]

1.e4 g6 2.d4 Bg7 3.Nc3 d6 4.Nf3 Nf6 5.h3 c6 6.a4 O-O 7.Bg5 Qa5 8.Qd2 e5 9.Bd3 exd4
10.Nxd4 Nxe4 11.Nxe4 Qxd2+ 12.Kxd2 Bxd4 13.Nxd6 Be5 14.Nc4 Bc7 15.Rhe1 Be6
16.Be7 Re8 17.Bd6 Na6 18.Bxc7 Bxc4 19.Bxc4 Nxc7 20.Rad1 Red8+ 21.Kc3 Kf8
22.b4 b6 23.b5 c5 24.f4 f6 25.g4 h6 26.h4 Rxd1 27.Rxd1 Ke7 28.f5 g5 29.Re1+ Kd6
30.Rd1+ Ke7 31.Re1+ Kd6 32.hxg5 hxg5 33.Rd1+ Ke5 34.Rd7 Rc8 35.Rf7 Ne8 36.Rxa7 Kf4
37.Rb7 Nd6 38.Rxb6 Ne4+ 39.Kb2 Kxg4 40.a5 Kf4 41.Bd5 g4 42.Bxe4 Kxe4 43.Rxf6 c4
44.Kc3 Rc5 45.Kb4 Rxf5 46.Rg6 Rf1 47.a6  1-0

[Event "Seefeld op"]
[Site "Seefeld"]
[Date "1996.??.??"]
[Round "?"]
[White "Holl, Hans Peter"]
[Black "Rudolf, Henrik"]
[Result "1/2-1/2"]
[WhiteElo "2135"]
[BlackElo "2245"]

1.e4 g6 2.d4 Bg7 3.Nc3 d6 4.Be3 a6 5.Nf3 Nf6 6.Qd2 b5 7.Bd3 Bb7 8.a3 Ng4
9.Bg5 h6 10.Bh4 c5 11.dxc5 dxc5 12.Qf4 Qc8 13.h3 Nf6 14.Qe3 Nbd7 15.e5 Nd5
16.Nxd5 Bxd5 17.Be4 Nb6 18.Bxd5 Nxd5 19.Qe4 Qe6 20.Rd1 Nb6 21.O-O O-O 22.b3 a5
23.Qb7 g5 24.Bg3 Rfb8 25.Qc7 Rc8 26.Qb7 Rcb8 27.Qc7  1/2-1/2

[Event "Sentjur op"]
[Site "Sentjur"]
[Date "1996.??.??"]
[Round "?"]
[White "Djurkovic, Maks"]
[Black "Kosanski, Stanko"]
[Result "1/2-1/2"]
[WhiteElo "2085"]
[BlackElo "2385"]

1.d4 g6 2.e4 Bg7 3.Nc3 d6 4.g3 Nc6 5.Be3 e5 6.dxe5 Nxe5 7.h3 Ne7 8.Bg2 O-O
9.Nge2 f5 10.f4 Nc4 11.Bd4 c5 12.Bxg7 Kxg7 13.Qc1 fxe4 14.b3 Na5 15.Qb2 Nf5
16.Nd5+ Kg8 17.Bxe4 Nc6 18.O-O-O Qe8 19.Nec3 Qf7 20.Nb5 Nxg3 21.Nxd6 Qg7
22.Nc7 Qxb2+ 23.Kxb2 Nxh1 24.Nxa8 Nf2 25.Bd5+ Kg7 26.Re1 Nxh3 27.Nc7 Nb4
28.Nce8+ Kh6 29.Nf7+ Kh5 30.Nf6+ Kh4 31.Nxh7 Rg8 32.Nf6 Rf8  1/2-1/2

[Event "Zhukov mem"]
[Site "Spasskoe"]
[Date "1996.??.??"]
[Round "2"]
[White "Belikov, Vladimir"]
[Black "Shchekachev, Andrei"]
[Result "1/2-1/2"]
[WhiteElo "2500"]
[BlackElo "2500"]

1.e4 d6 2.d4 g6 3.Nc3 Bg7 4.Be3 a6 5.Qd2 Nd7 6.f3 b5 7.a4 b4 8.Nd1 Rb8 9.Ne2 Ngf6
10.d5 O-O 11.Nd4 Ne5 12.Nf2 Bb7 13.Be2 Qc8 14.O-O  1/2-1/2

[Event "Zhukov mem"]
[Site "Spasskoe"]
[Date "1996.??.??"]
[Round "9"]
[White "Yagupov, Igor"]
[Black "Shchekachev, Andrei"]
[Result "1/2-1/2"]
[WhiteElo "2450"]
[BlackElo "2500"]

1.e4 d6 2.d4 g6 3.Nc3 Bg7 4.Be3 a6 5.Qd2 Nd7 6.f3 b5 7.Nge2 Bb7 8.a4 c6 9.Nc1 Ngf6
10.Be2 O-O 11.O-O Qc7 12.Nd1 e5 13.Nb3 Rab8 14.axb5 axb5 15.Nf2 Rfe8 16.Ra7 Ra8
17.Rfa1 Rxa7 18.Rxa7 Ra8  1/2-1/2

[Event "RUS-Cup1 Chigorin mem"]
[Site "St Petersburg"]
[Date "1996.??.??"]
[Round "3"]
[White "Petrov, A."]
[Black "Gorbatow, Alexej"]
[Result "1/2-1/2"]
[WhiteElo "2265"]
[BlackElo "2415"]

1.e4 g6 2.d4 Bg7 3.Nc3 d6 4.f4 a6 5.Nf3 Nd7 6.Be3 b5 7.e5 Bb7 8.Bd3 e6 9.O-O Ne7
10.Bf2 Qb8 11.Bh4 b4 12.Bxe7 Kxe7 13.Ne4 d5 14.Ned2 c5 15.dxc5 Nxc5 16.Qe1 a5
17.Nb3 Qa7 18.Qh4+ Kd7 19.Nxc5+ Qxc5+ 20.Kh1 h6 21.Rad1 Bf8 22.Nd4 Be7 23.Qf2 Ba6
24.g4 Bxd3 25.Rxd3 h5 26.f5 Ra6 27.Qg2 Kc8 28.fxe6 fxe6 29.gxh5 Rxh5 30.Qxg6 Rxe5
31.Qe8+ Bd8 32.Rf7 Rd6 33.Nb5 Re1+ 34.Kg2 Qxc2+ 35.Rf2 Qxd3 36.Nxd6+ Kc7
37.Rf7+ Kxd6 38.Qxd8+ Ke5 39.Qf6+ Kd6 40.Qd8+ Ke5 41.Qf6+ Kd6  1/2-1/2

[Event "RUS-Cup1 Chigorin mem"]
[Site "St Petersburg"]
[Date "1996.??.??"]
[Round "6"]
[White "Ignatiev, Alexander"]
[Black "Ivanov, Vladimir Ivanovich"]
[Result "0-1"]
[WhiteElo "2360"]
[BlackElo "2415"]

1.d4 g6 2.Nc3 Bg7 3.e4 d6 4.f3 c6 5.Be3 Qb6 6.Bc4 Qxb2 7.Nge2 Qb6 8.Qd2 Qc7
9.h4 h5 10.g4 hxg4 11.f4 Nd7 12.Ng3 Nb6 13.Bb3 Nf6 14.O-O-O d5 15.h5 gxh5
16.e5 h4 17.exf6 Bxf6 18.Nf1 Bf5 19.a4 Qd6 20.Qe2 Qb4 21.Nb1 Nxa4 22.Nh2 h3
23.Nxg4 O-O-O 24.Ne5 Bxe5 25.dxe5 Nb6 26.Bd4 e6 27.Qe3 Be4 28.Bc5 Qa5 29.Rhe1 h2
30.Be7 Rdg8 31.Bg5  0-1

[Event "Rudenko mem"]
[Site "St Petersburg"]
[Date "1996.??.??"]
[Round "9"]
[White "Grinfeld, Alla B"]
[Black "Sirotkina, Nina"]
[Result "1/2-1/2"]
[WhiteElo "2265"]
[BlackElo "2245"]

1.e4 g6 2.d4 d6 3.Nc3 Bg7 4.Be3 c6 5.Qd2 b5 6.h4 h5 7.Bd3 Nd7 8.Nh3 Nb6 9.Ng5 Nf6
10.f3 Nc4 11.Bxc4 bxc4 12.Qe2 d5 13.Bf4 Qb6 14.O-O-O a5 15.Kb1 a4 16.a3 Ra7
17.Bc1 e6 18.Ka1 Bf8 19.Rhe1 Be7 20.Qe3 Qb8 21.Ne2 Nh7 22.Nxh7 Rxh7 23.g3 Rb7
24.Nf4 Kf8 25.Qc3 Bf6 26.e5 Be7 27.Ne2 Bd7 28.Bg5 Bxg5 29.hxg5 Qd8 30.f4 Ke7
31.Rh1 Rh8 32.Rh4 Rf8 33.Ng1 Qb6 34.Nf3 Rfb8 35.Rb1 c5 36.Rh2 cxd4 37.Nxd4 Rc7
38.Re2 Rcc8 39.Rh1 Rb7 40.Ree1 Rcb8 41.Rb1 Rc8 42.Rh2  1/2-1/2

[Event "Star Dojran"]
[Site "Star Dojran"]
[Date "1996.??.??"]
[Round "9"]
[White "Dimitrov, Vladimir"]
[Black "Bogdanovski, Vlatko"]
[Result "0-1"]
[WhiteElo "2495"]
[BlackElo "2455"]

1.e4 d6 2.d4 g6 3.Nc3 Bg7 4.Be2 c6 5.h3 b5 6.Nf3 Bb7 7.O-O Nd7 8.Re1 a6 9.Bg5 Qc7
10.Bf1 e5 11.Qd2 Ngf6 12.Rad1 Rd8 13.a3 h6 14.Be3 Nh5 15.g3 Nhf6 16.Bg2 a5
17.b4 axb4 18.axb4 Bf8 19.Qd3 Be7 20.Nd2 Kf8 21.d5 Rb8 22.Ra1 Kg7 23.Ra7 Rhc8
24.dxc6 Qxc6 25.Nxb5 Qxc2 26.Qxc2 Rxc2 27.Na3 Ra2 28.Rc1 d5 29.exd5 Bxb4
30.Rc7 Rxa3 31.Raxb7 Rxb7 32.Rxb7 Rxe3 33.Rxb4 Rd3 34.Nc4 Rd1+ 35.Kh2 Rd4
36.d6 e4 37.Bf1 Ne5 38.Nxe5 Rxb4 39.Nc6  0-1

[Event "Stary Smokovec"]
[Site "Stary Smokovec"]
[Date "1996.??.??"]
[Round "?"]
[White "Kernazhitsky, Leonid"]
[Black "Petran, Peter"]
[Result "0-1"]
[WhiteElo "2290"]
[BlackElo "2325"]

1.e4 g6 2.d4 Bg7 3.Nc3 d6 4.Be3 c6 5.Qd2 b5 6.f3 Nd7 7.h4 h5 8.Nh3 Nb6 9.Ng5 a5
10.a4 b4 11.Nd1 Ba6 12.Bxa6 Rxa6 13.Qd3 Ra8 14.O-O e6 15.c3 bxc3 16.bxc3 d5
17.Bf4 Ne7 18.Be5 Bxe5 19.dxe5 Nd7 20.Ne3 Rb8 21.exd5 cxd5 22.f4 Nc5 23.Qc2 Qd7
24.Kh2 Kf8 25.Rfd1 Qa7 26.Qf2 Rb3 27.Nc2 Qb6 28.Nd4 Rb2 29.Rd2 Rxd2 30.Qxd2 Kg7
31.Qc2 Rb8 32.Ra2 Ng8 33.Nb5 Nh6 34.Nf3 Ng4+ 35.Kh3 Nxa4 36.Qxa4 Qxb5 37.Qxb5 Rxb5
38.Nd4 Rc5 39.Ra3 Nf2+ 40.Kh2 Ne4 41.Rb3 Rc7 42.Ne2 Nd2 43.Rb8 Ra7 44.Nd4 a4
45.Nb5 a3 46.Nd6 Ne4 47.Nxe4 dxe4 48.Rb1 f5 49.Kg1 a2 50.Ra1 Kf7 51.Kf2 Ke7
52.Ke3 Kd7 53.Kd2 Kc6 54.c4 Kc5 55.Kc3 e3 56.Kb3 e2  0-1

[Event "Rilton Cup 96/97"]
[Site "Stockholm"]
[Date "1996.??.??"]
[Round "1"]
[White "Ask, Josef"]
[Black "Hillarp Persson, Tiger"]
[Result "0-1"]
[WhiteElo "2070"]
[BlackElo "2400"]

1.e4 g6 2.d4 Bg7 3.Nc3 d6 4.Be3 a6 5.Qd2 Nd7 6.O-O-O b5 7.h4 h5 8.Nh3 Bb7
9.f3 Ngf6 10.Be2 c6 11.Rdf1 Qa5 12.Kb1 Rc8 13.Ng5 b4 14.Nd1 c5 15.d5 Nb6
16.c4 bxc3 17.Qxc3 Qa4 18.Qc2 Qxc2+ 19.Kxc2 O-O 20.Nc3 Rb8 21.f4 Bc8 22.Bc1 a5
23.Rd1 Bg4 24.Bf3 Rfc8 25.e5 Bf5+ 26.Kd2 dxe5 27.fxe5 Nc4+ 28.Ke2 Nxe5 29.Rhe1 Nfg4
30.Kf1 Rb4 31.d6 exd6 32.Nd5 Nh2+ 33.Kg1 Nhxf3+ 34.gxf3 Rb7 35.f4 Nc6 36.b3 Bd4+
37.Kh2 Kg7 38.Kg3 a4  0-1

[Event "SUI-chT"]
[Site "SUI"]
[Date "1996.??.??"]
[Round "7"]
[White "Schmidt Schaeffer, Sebastian"]
[Black "Mohr, Stefan"]
[Result "1/2-1/2"]
[WhiteElo "2405"]
[BlackElo "2420"]

1.e4 d6 2.d4 g6 3.Nc3 Bg7 4.Be3 c6 5.Qd2 Nd7 6.a4 Ngf6 7.f3 O-O 8.Nh3 e5
9.dxe5 Nxe5 10.Nf2 Be6 11.O-O-O d5 12.Bd4 Qc7 13.exd5 cxd5 14.Nb5 Qb8 15.Qg5 Nfd7
16.f4 h6 17.Qg3 Nc6 18.Bxg7 Kxg7 19.Nd4 Nxd4  1/2-1/2

[Event "SUI-chT"]
[Site "SUI"]
[Date "1996.??.??"]
[Round "8"]
[White "Franzoni, Giancarlo"]
[Black "Hug, Werner"]
[Result "1/2-1/2"]
[WhiteElo "2460"]
[BlackElo "2445"]

1.e4 g6 2.d4 Bg7 3.Nc3 d6 4.Nf3 Nf6 5.Be2 O-O 6.O-O Bg4 7.Be3 Nc6 8.Qd2 Re8
9.Rfe1 a6 10.Rad1 e5 11.dxe5 dxe5 12.Qc1 Qc8 13.h3 Bxf3 14.Bxf3 h5 15.Be2 b5
16.a4 b4 17.Nd5 Nxd5 18.Rxd5 Nd4 19.Bc4 Kh7 20.c3 bxc3 21.bxc3 c6 22.Ra5 Ne6
23.Qd1 Re7 24.Qd6 Rd7 25.Bxe6 fxe6 26.Qb4 Qd8 27.Qb6 Qxb6 28.Bxb6 Rd3 29.Bc7 Rxc3
30.Bxe5 Ra7 31.Rd1 Rc4 32.Bxg7 Kxg7 33.h4  1/2-1/2

[Event "SVK-chT9596"]
[Site "?"]
[Date "1996.??.??"]
[Round "1"]
[White "Tibensky, Robert"]
[Black "Oral, Tomas"]
[Result "1-0"]
[WhiteElo "2425"]
[BlackElo "2460"]

1.d4 g6 2.e4 Bg7 3.Nc3 d6 4.Bc4 Nc6 5.Be3 Nf6 6.h3 O-O 7.Nf3 Nxe4 8.Nxe4 d5
9.Bd3 dxe4 10.Bxe4 f5 11.Bxc6 bxc6 12.Qe2 f4 13.Bd2 c5 14.Qc4+ Kh8 15.Qxc5 Rf5
16.Qa3 Rb8 17.O-O-O Rfb5 18.b3 Qf8 19.Rhe1 c5 20.Bc3 Bf5 21.Qb2 Qf6 22.Re5 c4
23.Rxb5 Rxb5 24.Re1 a5 25.Re5 Rxe5 26.dxe5 Qc6 27.bxc4 h6 28.e6 Bxc3 29.Qxc3+ Kh7
30.Nd4 Qxg2 31.Qa3 Qxf2 32.Qxe7+ Kg8 33.Qd8+ Kh7 34.e7 Qe1+ 35.Kb2 Qb4+ 36.Nb3 a4
37.e8=Q  1-0

[Event "SVK-chT9596"]
[Site "?"]
[Date "1996.??.??"]
[Round "2"]
[White "Hagarova, Zuzana"]
[Black "Biro, Karol"]
[Result "1-0"]
[WhiteElo "2260"]
[BlackElo "2240"]

1.e4 d6 2.d4 g6 3.Nc3 Bg7 4.Be3 a6 5.Qd2 b5 6.O-O-O Bb7 7.f3 Nd7 8.Kb1 c5
9.dxc5 Nxc5 10.h4 h5 11.Nh3 Rc8 12.Bd4 Nf6 13.Nd5 e5 14.Be3 Bxd5 15.exd5 Qc7
16.Nf2 O-O 17.g4 Rfe8 18.Bh3 Rb8 19.Rhg1 b4 20.Bg5 e4 21.gxh5 Nxh5 22.Nxe4 Rxe4
23.fxe4 Nxe4 24.Qe3 Nc3+ 25.bxc3 bxc3+ 26.Ka1 Rb2 27.Rb1 Rxa2+ 28.Kxa2 Qa5+
29.Kb3 Qb5+ 30.Ka3 Qa5+ 31.Kb3 Qxd5+ 32.Ka4 Qa2+ 33.Kb4 d5 34.Rb3 Qxc2 35.Rf1 a5+
36.Ka3 Qh2 37.Qe8+ Kh7 38.Rb8 Qd6+ 39.Ka4 Nf6 40.Rxf6 Qxb8 41.Qxb8  1-0

[Event "SVK-chT9596"]
[Site "?"]
[Date "1996.??.??"]
[Round "7"]
[White "Travenec, Igor"]
[Black "Franzen, Josef"]
[Result "0-1"]
[WhiteElo "2230"]
[BlackElo "2300"]

1.e4 g6 2.d4 Bg7 3.Nc3 d6 4.Be3 Nf6 5.f3 c6 6.Qd2 Nbd7 7.Bh6 Bxh6 8.Qxh6 e5
9.dxe5 dxe5 10.O-O-O Qe7 11.Nh3 Nc5 12.Nf2 Be6 13.g3 Nfd7 14.Bh3 O-O-O 15.Qe3 Kb8
16.Kb1 Bxh3 17.Nxh3 Ne6 18.Ne2 Nb6 19.Qc3 f6 20.Nf2 c5 21.Rxd8+ Rxd8 22.Rd1 Nd4
23.Nc1 Rc8 24.f4 c4 25.fxe5 fxe5 26.Ng4 Qc5 27.a3 h5 28.Ne3 Qc6 29.Nd5 Nxd5
30.Qa5 Nc7 31.Qxe5 Nf3 32.Qf4 Nxh2 33.Rd6 Qe8 34.Ne2 Ng4 35.Nc3 Ka8 36.Qg5 Ne5
37.Qf6 Nf7 38.Rd1 Qe6 39.Qg7 Ne5 40.Ne2 Ne8 41.Qf8 a6 42.Nf4 Qg4 43.Rd5 Nc6
44.Qf7 Qxg3 45.Nxg6 Qe1+ 46.Ka2 Qxe4 47.Rc5 Nd6 48.Qh7 Qxc2 49.Qxh5 Ne4 50.Qh3 Qb3+  0-1

[Event "SVK-chT9596"]
[Site "?"]
[Date "1996.??.??"]
[Round "14"]
[White "Kriz, Oliver"]
[Black "Klemanic, Emil"]
[Result "1/2-1/2"]
[WhiteElo "2260"]
[BlackElo "2240"]

1.e4 g6 2.d4 Bg7 3.Nc3 d6 4.Be3 Nf6 5.f3 Nc6 6.Qd2 O-O 7.Nge2 a6 8.O-O-O b5
9.g4 Na5 10.Ng3 Bd7  1/2-1/2

[Event "SWE-chT 9596"]
[Site "?"]
[Date "1996.??.??"]
[Round "?"]
[White "Ostergaard, Dan"]
[Black "Burwick, Malte"]
[Result "1-0"]
[WhiteElo "2270"]
[BlackElo "2245"]

1.e4 g6 2.d4 Bg7 3.Nc3 d6 4.Be3 a6 5.Qd2 b5 6.O-O-O Bb7 7.f3 Nd7 8.h4 h5
9.Nh3 Rc8 10.Ng5 c5 11.dxc5 Nxc5 12.Bd4 Nf6 13.Kb1 O-O 14.g4 e5 15.Be3 hxg4
16.h5 gxh5 17.fxg4 hxg4 18.Qh2 Re8 19.Nd5 Bxd5 20.exd5 Kf8 21.Be2 Ke7 22.Rhf1 Qa5
23.Bxg4 Rc7 24.Nxf7 Qb4 25.Bxc5 Rxc5 26.Be6 Rf8 27.Nxe5 dxe5 28.Qxe5 Ne8
29.d6+ Kd8 30.Qxg7 Nxg7 31.Rxf8+ Ne8 32.d7  1-0

[Event "SWE-chT 9596"]
[Site "?"]
[Date "1996.??.??"]
[Round "?"]
[White "Wedberg, Tom"]
[Black "Schussler, Harry"]
[Result "1/2-1/2"]
[WhiteElo "2480"]
[BlackElo "2465"]

1.e4 g6 2.d4 Bg7 3.Nc3 d6 4.Nf3 Nf6 5.Be2 O-O 6.O-O c6 7.Re1 Nbd7 8.Bf4 b5
9.e5 Ne8 10.Qd2 Nb6 11.Rac1 Bf5 12.Bd3 Bg4 13.Qe2 Nc7 14.h3 Bxf3 15.Qxf3 Ne6
16.Bf1 Nxf4 17.Qxf4 dxe5 18.dxe5 Qc7 19.Qe4 Rad8 20.f4 e6 21.Qf3 Na4 22.Nxa4 bxa4
23.Qe3  1/2-1/2

[Event "Tallinn rapid"]
[Site "Tallinn"]
[Date "1996.??.??"]
[Round "4"]
[White "Liiva, Riho"]
[Black "Ehlvest, Jaan"]
[Result "1-0"]
[WhiteElo "2425"]
[BlackElo "2660"]

1.e4 g6 2.d4 Bg7 3.Nc3 d6 4.g3 c6 5.a4 d5 6.e5 Nh6 7.Nf3 Bg4 8.Bg2 Nf5 9.h3 Bxf3
10.Bxf3 e6 11.Ne2 f6 12.Nf4 Kf7 13.exf6 Qxf6 14.c3 Nd7 15.O-O Rhe8 16.Nd3 Kg8
17.Bf4 Qf7 18.Qe2 Bxd4 19.Ne5 Bxe5 20.Bxe5 Nxe5 21.Qxe5 Qg7 22.Rfe1 Qxe5
23.Rxe5 Kf7 24.Rae1 a5 25.Bg4 Rad8 26.Kg2 h5 27.Be2 Kf6 28.Bd3 Nd6 29.f4 Nf7
30.R5e2 Re7 31.g4 hxg4 32.hxg4 g5 33.Rf1 gxf4 34.Rxf4+ Kg7 35.Rff2 e5 36.Bf5 Ng5
37.Kg3 Rh8 38.Rh2 Rxh2 39.Rxh2 e4 40.Rh5 Kf6 41.Kf4 Ne6+ 42.Ke3 Nc5 43.Rh6+ Ke5
44.Rh5 Kd6 45.Rh6+ Kc7 46.g5 Re5 47.Rf6 Nd7 48.Rf7 Rxf5 49.Rxf5 Nc5 50.g6 Ne6
51.Rf6 Ng7 52.Rf7+ Kd6 53.Rxg7 Ke5 54.Rf7 Ke6 55.Rf4 Kd6 56.g7 Kc5 57.g8=Q Kc4
58.Qf7 b5 59.Qc7 Kb3 60.Rf6 Ka2 61.Qb6 Kb3 62.Rf2 Kxa4 63.Qc5 Kb3 64.Qa3+ Kc4
65.b3+  1-0

[Event "Tampere Elo Taraus op"]
[Site "Tampere"]
[Date "1996.??.??"]
[Round "2"]
[White "Karner, Hillar"]
[Black "Nouro, Mikael"]
[Result "1-0"]
[WhiteElo "2315"]
[BlackElo "2275"]

1.d4 g6 2.e4 Bg7 3.Nc3 d6 4.Be3 a6 5.Qd2 b5 6.a4 b4 7.Nd1 a5 8.c3 bxc3 9.bxc3 Ba6
10.Bxa6 Nxa6 11.Ne2 Nf6 12.f3 c6 13.O-O O-O 14.Nf2 Qc7 15.Rfb1 Rfb8 16.Nd3 Nd7
17.Rb2 Nb6 18.Bf4 Qd7 19.Rbb1 Rb7 20.Qa2 Rab8 21.Rd1 Qe6 22.Qxe6 fxe6 23.Nb2 Kf7
24.Kf1 Ke8 25.Bg3 Kd7 26.Ra2 Rc8 27.Ra3 Rcb8 28.Rb3 Bh6 29.Bf2 Bg7 30.Nf4 Nc7
31.Nfd3 Bh6 32.Nc5+ dxc5 33.Rxb6 c4 34.Rxb7 Rxb7 35.Nxc4 Rb3 36.Be1 Na6 37.Nxa5 Ra3
38.Nc4 Ra2 39.Rb1 Bf4 40.Bg3 Bxg3 41.hxg3 Kc7 42.Ne5 Rxa4 43.Nf7 Ra3 44.Rc1 Kd7
45.Ng5 Ra5 46.f4 h6 47.Nf3 g5 48.Ne5+ Kc7 49.Kf2 Nb8 50.Kf3 Nd7 51.Nf7 gxf4
52.gxf4 h5 53.Ng5 Nf8 54.Rh1 Ra3 55.Rxh5 Rxc3+ 56.Kg4 Nd7 57.e5 Nb6 58.Nxe6+ Kd7
59.f5 Nd5 60.Rh8 Ne3+ 61.Kg5 c5 62.Nxc5+ Kc6 63.g4 Rc4 64.Ne6  1-0

[Event "Tampere Elo Taraus op"]
[Site "Tampere"]
[Date "1996.??.??"]
[Round "5"]
[White "Kokkila, Tero"]
[Black "Maki, Veijo"]
[Result "1/2-1/2"]
[WhiteElo "2210"]
[BlackElo "2420"]

1.d4 g6 2.e4 Bg7 3.Nc3 d6 4.f4 Nf6 5.Nf3 O-O 6.Be3 Nc6 7.e5 Ng4 8.Bg1 f6
9.h3 Nh6 10.d5 Nb8 11.e6 c6 12.Bd3 f5 13.Bd4 Bxd4 14.Nxd4 Qb6 15.Bc4 Qxb2
16.Nde2 Qb4 17.Qd4 b5 18.Bb3 Qxd4 19.Nxd4 b4 20.Nd1 Bb7 21.Ne3 Kg7 22.O-O Ng8
23.Rae1 c5 24.Nf3 Na6 25.Nh4 Nc7 26.a4 bxa3 27.c4 Rab8 28.Rf3 Ba6 29.Nc2 a2
30.Na3 Rb4 31.Bxa2 Rfb8 32.Rc1 Nf6 33.Nc2 Rb2 34.Ra3 Nh5 35.g3 Nxg3 36.Rxg3 Rxa2
37.Nxf5+ Kf6 38.Nfe3 Rbb2 39.f5 Bxc4 40.fxg6 hxg6 41.Nxc4 Rxc2 42.Rf1+ Kg7
43.Ne3 Kh6 44.Nxc2 Rxc2 45.Rd3 c4 46.Rd4 g5 47.Rf7 c3 48.Rxe7 Nxd5 49.Rxa7 Rc1+
50.Kf2 c2 51.Rxd5 Rf1+ 52.Kxf1 c1=Q+ 53.Ke2 Qc2+ 54.Rd2 Qe4+ 55.Kd1 Qxe6
56.Ra3 Kh5 57.Rad3 Qc4 58.Ke1 Qe4+  1/2-1/2

[Event "Tampere Elo Taraus op"]
[Site "Tampere"]
[Date "1996.??.??"]
[Round "5"]
[White "Norri, Joose"]
[Black "Salmensuu, Olli"]
[Result "1-0"]
[WhiteElo "2365"]
[BlackElo "2280"]

1.d4 d6 2.e4 g6 3.Nc3 Bg7 4.Be3 c6 5.Qd2 b5 6.Nf3 Bb7 7.Bd3 Nd7 8.O-O a6
9.a4 b4 10.Ne2 a5 11.c3 bxc3 12.bxc3 e5 13.Rab1 Qc7 14.dxe5 dxe5 15.Bc4 Ba6
16.Bxa6 Rxa6 17.Rb2 Ngf6 18.Rfb1 O-O 19.Rb7 Qd8 20.Qd3 Ra8 21.Qc4 Qc8 22.Ng3 h6
23.h3 Kh7 24.Bc1 c5 25.Qb5 Qxb7 26.Qxb7 Rab8 27.Ba3 Rxb7 28.Rxb7 Ra8 29.Nd2 Bf8
30.Nc4 Ra6 31.Nf1 Kg7 32.Nfe3 Ra8 33.f3 Be7 34.Nd5 Bf8 35.Nxf6 Nxf6 36.Nxe5 Bd6
37.Nxf7 Bg3 38.Bxc5 g5 39.Bd6  1-0

[Event "EU-ch U20 Girls"]
[Site "Tapolca"]
[Date "1996.??.??"]
[Round "7"]
[White "Hagarova, Zuzana"]
[Black "Benderac, Ana"]
[Result "0-1"]
[WhiteElo "2295"]
[BlackElo "2115"]

1.e4 g6 2.d4 d6 3.Nc3 Bg7 4.Bg5 c6 5.Qd2 h6 6.Be3 Nf6 7.f3 h5 8.Bd3 Nbd7
9.Nge2 e5 10.O-O O-O 11.Rad1 Qc7 12.Kh1 a6 13.dxe5 dxe5 14.f4 Ng4 15.f5 Nxe3
16.Qxe3 Nf6 17.Qg5 Kh7 18.Rf3 Ng4 19.Rdf1 Bh6 20.fxg6+ fxg6 21.Rxf8 Bxg5
22.R1f7+ Qxf7 23.Rxf7+ Kh6 24.h3 Ne3 25.Rf3 Kg7 26.Na4 b5 27.Nb6 Rb8 28.Nxc8 Rxc8
29.Nc3 c5 30.h4 Bh6 31.Nd5 c4 32.Be2 Nxd5 33.exd5 e4 34.Ra3 Rd8 35.Rxa6 Rxd5
36.Re6 Rd2 37.Rxe4 Rxc2 38.Bf3 Rxb2 39.Re2 Bd2 40.Re7+ Kf6 41.Rb7 c3 42.Be4 c2
43.Rb6+ Ke7 44.Bxc2 Rxc2 45.Rxb5 Rxa2 46.Rb3 Bf4 47.g3 Bd6 48.Kg1 Ra3 49.Rxa3 Bxa3
50.Kg2 Kf6 51.Kf3 Kf5  0-1

[Event "Tel Aviv Cup rapid"]
[Site "Tel Aviv"]
[Date "1996.??.??"]
[Round "3"]
[White "Psakhis, Lev"]
[Black "Manor, Ilan"]
[Result "1-0"]
[WhiteElo "2610"]
[BlackElo "2510"]

1.e4 g6 2.d4 Bg7 3.Nc3 d6 4.Nf3 Nf6 5.Be2 O-O 6.O-O b6 7.h3 Bb7 8.e5 dxe5
9.dxe5 Ne4 10.Nxe4 Bxe4 11.Bf4 Nc6 12.Qc1 Nd4 13.Nxd4 Qxd4 14.c3 Qc5 15.Re1 Rfd8
16.Bf1 Bb7 17.Qc2 a5 18.Rad1 Rxd1 19.Qxd1 Bd5 20.a3 a4 21.Be3 Qc6 22.Qd4 Qe6
23.Qd1 Bc6  1-0

[Event "Terrassa op"]
[Site "Terrassa"]
[Date "1996.??.??"]
[Round "2"]
[White "Bjerring, Kai"]
[Black "Nogueiras, Jesus"]
[Result "0-1"]
[WhiteElo "2340"]
[BlackElo "2535"]

1.e4 d6 2.d4 g6 3.Nc3 Bg7 4.Be3 a6 5.h4 h5 6.f3 Nd7 7.Nh3 b5 8.Qd2 Bb7 9.Nf2 Ngf6
10.Nd3 Nb6 11.b3 Nfd7 12.a4 bxa4 13.Nxa4 c5 14.Ndb2 Nxa4 15.Nxa4 Qc7 16.Be2 cxd4
17.Bxd4 Bxd4 18.Qxd4 O-O 19.Bd3 Bc6 20.Kf2 Ne5 21.Nc3 Bb7 22.Ne2 Rfd8 23.c4 e6
24.Nc3 Rac8 25.Be2 Rb8 26.g4 hxg4 27.f4 f5 28.h5 g5 29.exf5 gxf4 30.Qxf4 Rf8
31.Qg5+ Kh7 32.f6 g3+ 33.Ke1 Bxh1 34.Bd1 Kh8 35.Bc2 Nf3+  0-1

[Event "Terrassa op"]
[Site "Terrassa"]
[Date "1996.??.??"]
[Round "2"]
[White "Bravo, Narciso"]
[Black "Mowsziszian, Karen"]
[Result "0-1"]
[WhiteElo "2260"]
[BlackElo "2470"]

1.e4 g6 2.d4 Bg7 3.Nc3 d6 4.Be3 c6 5.Qd2 b5 6.f3 Nd7 7.Nge2 Nb6 8.Ng3 Qc7
9.a4 b4 10.Nd1 a5 11.c4 c5 12.Qf2 cxd4 13.Bxd4 Bxd4 14.Qxd4 Nf6 15.Be2 O-O
16.Nf2 b3 17.Bd1 e5 18.Qc3 Qxc4 19.Qxb3 Rb8 20.Qa3 Qc7 21.Be2 Bd7 22.O-O Nxa4
23.Rfc1 Qb6 24.b3 Nc5 25.Rd1 Ra8 26.Bc4 Rfd8 27.Qc1 Kg7 28.h4 Be6 29.h5 h6  0-1

[Event "GRE-chT"]
[Site "Thessaloniki"]
[Date "1996.??.??"]
[Round "2"]
[White "Papastavropoulos, Andreas"]
[Black "Dedes, Nikolaos"]
[Result "0-1"]
[WhiteElo "2245"]
[BlackElo "2230"]

1.e4 g6 2.d4 Bg7 3.Nc3 d6 4.Be2 Nf6 5.h4 h5 6.Nh3 Nc6 7.Be3 Ng4 8.Bxg4 hxg4
9.Ng1 e5 10.d5 Nd4 11.g3 c5 12.dxc6 bxc6 13.Qd2 Rb8 14.Na4 c5 15.c3 Qd7 16.b3 Qc6
17.cxd4 cxd4 18.Ne2 Qxe4 19.O-O-O Qc6+ 20.Nac3 dxe3 21.fxe3 Ke7 22.Kb2 Be6
23.e4 Bh6 24.Nd5+ Bxd5 25.Qxd5 Qxd5 26.Rxd5 f5 27.Nc3 Be3 28.exf5 gxf5 29.Kb1 Bd4
30.Rxd4 exd4 31.Nd5+ Ke6 32.Nf4+ Kd7 33.Rd1 Rhe8 34.Rxd4 Re3 35.Ra4 Rxg3
36.Rxa7+ Kc6 37.Rf7 Rf3 38.Ng6 g3 39.Ne7+ Kc5 40.Rg7 Rb7 41.h5 Rxe7  0-1

[Event "Tilburg Fontys"]
[Site "Tilburg"]
[Date "1996.??.??"]
[Round "9"]
[White "Almasi, Zoltan"]
[Black "Svidler, Peter"]
[Result "1/2-1/2"]
[WhiteElo "2655"]
[BlackElo "2650"]

1.e4 g6 2.d4 Bg7 3.Nc3 d6 4.f4 Nf6 5.Nf3 O-O 6.Bd3 Na6 7.O-O c5 8.d5 Bg4
9.Kh1 Nd7 10.h3 Bxf3 11.Rxf3 Rc8 12.Qe2 Qa5 13.Bd2 Nb4 14.Nd1 Qc7 15.c4 e6
16.Bb1 exd5 17.cxd5 Rfe8 18.Qf1 Na6 19.Bc3 c4 20.Bxg7 Kxg7 21.Nc3 b5 22.Nxb5 Qb6
23.a4 Nac5 24.Bc2 Nxe4 25.Bxe4 Rxe4 26.f5 f6 27.fxg6 hxg6 28.Rf4 Rce8 29.Rxe4 Rxe4
30.Re1 Re5 31.Rd1 Re4 32.Re1 Rxe1  1/2-1/2